Автоимунен отговор и автоимунни болести (Запис номер 4959)
[ съкратено ]
| 000 -Лидер | |
|---|---|
| Контролно поле с фиксирана дължина | 01529nam a2200385 c 4500 |
| 003 - Код на организацията, давaща контролен номер | |
| Контролно поле | BLK |
| 005 - Дата и час на последна редакция | |
| Контролно поле | 20180422093540.0 |
| 008 - Елементи от данни с фиксирана дължина | |
| fixed length control field | 180412b bul|||||r ||||||| ||bul|| |
| 010 ## - Наследен системен номер | |
| LC control number | KNG00006131000 |
| 020 ## - Международен стандартен номер на книга ISBN | |
| Международен стандартен номер на книга ISBN | 954-8033-19-4 |
| -- | издат.: Венел |
| 040 ## - Източник на каталожния запис | |
| Идентификатор на билиотеката - собственик на записа | BLK |
| 041 ## - Код за език | |
| Код за езика на текст/звукозапис или на отделно заглавие | Български |
| Код за езика КДБФ | Български |
| 080 ## - УДК | |
| Текстов определител УДК | Физиология |
| УДК код - определител по УДК | 612 |
| УДК определител | .017 |
| УДК - код + определител | 612.017 |
| 080 ## - УДК | |
| Текстов определител УДК | Патология. Клинична медицина |
| УДК код - определител по УДК | 616 |
| УДК определител | -097 |
| УДК - код + определител | 616-097 |
| 100 1# - Редна дума - Автор | |
| Автор | Божков, Божко Митев |
| Авторска отговорност | първи автор |
| R(LIN) | 247298 |
| 139 ## - Редно поле | |
| Редна дума | Божков, Божко Митев и др. |
| Авторски знак | Божк - Б 57 |
| 245 10 - Сведения за заглавието | |
| Заглавие | Автоимунен отговор и автоимунни болести |
| Редно поле (дума) | Божко Митев Божков; съавт. Дора Николова Попова. |
| 257 ## - Страна на издаване | |
| Страна на създаване/издаване | България |
| 260 ## - Област на издателските данни | |
| -- | София |
| Име на издателя, разпространителя и проч. | Венел |
| Година на издаване | 1995 |
| 300 ## - Физическа характеристика | |
| Страници | 160 с. |
| Илюстрации и др. | с диагр., табл., сх. |
| Размери/Мащаб | 24 см |
| 380 ## - Жанр | |
| Жанр | Медицина |
| 490 1# - СЕРИИ (Колекции) | |
| Име на серия | Библиотека Nota bene |
| №: серия | N 4 |
| 500 ## - Общи забележки | |
| Забележка | 1 000 тир. - Библиогр. с. 151-152. - Треминол. речник. |
| 650 #4 - Допълнително описание по предмет – тема | |
| Основно описание – тема или топоним | Имунитет |
| 9 (RLIN) | 157115 |
| 650 #4 - Допълнително описание по предмет – тема | |
| Основно описание – тема или топоним | Имунология - в клиничната медицина |
| 9 (RLIN) | 249431 |
| 650 #4 - Допълнително описание по предмет – тема | |
| Основно описание – тема или топоним | Имунопатология |
| 9 (RLIN) | 157122 |
| 653 ## - Ключова дума – ненормативна | |
| Ключова дума | автоимунни болести |
| 653 ## - Ключова дума – ненормативна | |
| Ключова дума | имунитет |
| 700 1# - Други автори (авторска отговорност) | |
| Лично име | Попова, Дора Николова |
| Автороска отговорност (Описва отношението между автора и произведението) | съавт. |
| 9 (RLIN) | 363750 |
| 852 ## - Местоположение | |
| Форматна сигнатура | Цб 181131 |
| 856 4# - Електронен адрес и достъп | |
| Електронен формат | pdf - файл |
| Път до файла /url/ | |
| 856 4# - Електронен адрес и достъп | |
| Електронен формат | pdf - файл |
| Път до файла /url/ | |
| 942 ## - АРТИКУЛИ | |
| Вид на библиотечния материал | Книги |
| Скрит в OPAC | Не |
| 944 ## - СЪЗДАВАНЕ И РЕДАКЦИЯ на ЗАПИСА | |
| Създаване/Редакция | Създаване |
| Дата на регистрацията/редакция | 15.01.2003 |
| Служител, извършил регистрацията/редакцията | Кети_Илиева |
| 944 ## - СЪЗДАВАНЕ И РЕДАКЦИЯ на ЗАПИСА | |
| Създаване/Редакция | Редакция |
| Дата на регистрацията/редакция | 30.08.2005 |
| Служител, извършил регистрацията/редакцията | |
| 999 ## - СИСТЕМНИ КОНТРОЛНИ НОМЕРА | |
| Koha biblionumber | 4959 |
| Koha biblioitemnumber | 4959 |
| Код за отписване | Код за изгубен артикул | Източник на класификационната схема | Код за повреда | Коз за рестрикции | Код за отдаване | Артикулен № | Име на библиотеката - собственик | Име на библиотеката, в която се намира в момента | Статус (Текущо местоположение) | Дата на вписване в системата | Местоположение - отдел | Цена в лева | Инвентарен номер | Систематично азбучна сигнатура | Баркод | Номер на екземпляра | Цена в евро | Служебна бележка | Служебен тип на артикула |
|---|---|---|---|---|---|---|---|---|---|---|---|---|---|---|---|---|---|---|---|
| Не е изгубен | Universal Decimal Classification | Не е повреден | без рестрикции | ползва се в читалня | 8772 | Регионална библиотека "Любен Каравелов" Русе | Регионална библиотека "Любен Каравелов" Русе | Хранилище | 2001-01-01 | Хранилище | 1.62 | 610439 | Цб 181131 | 120000610439 | 1 | 0.83 | Дост: Dp Вид: Д N: 8 Дата: 01.01.1995 Дата инв: 23.02.2015 Бележки инв: Цб2015 | Книги | |
| Не е изгубен | Universal Decimal Classification | Не е повреден | без рестрикции | ползва се в читалня | 8773 | Регионална библиотека "Любен Каравелов" Русе | Регионална библиотека "Любен Каравелов" Русе | Читалня | 2001-01-01 | Читалня | 1.43 | 611963 | Ч 612/Б 57 | 120000611963 | 2 | 0.73 | Дост: Pk Вид: Ф N: стар фонд Дата: 01.01.1995 Дата инв: 17.03.2017 Бележки инв: Ч2017 | Книги |